[Event "World Rapid Championship (Women)"]
[Site "Riyadh KSA"]
[Date "2017.12.27"]
[EventDate "2017.12.26"]
[Round "9.18"]
[Result "1/2-1/2"]
[White "Shen Yang"]
[Black "Baira Kovanova"]
[WhiteElo "2465"]
[BlackElo "2367"]
[PlyCount "76"]

1. d4 Nf6 2. Bf4 e6 3. Nd2 d5 4. e3 Be7 5. Bd3 Nbd7 6. h3 Nf8
7. Ngf3 Ng6 8. Bh2 O-O 9. O-O c5 10. c3 b6 11. a4 Bb7 12. Qb1
Nd7 13. b4 c4 14. Bc2 f5 15. Ne5 Ndxe5 16. dxe5 Nh4 17. Rd1 d4
18. Nxc4 Qd5 19. Be4 fxe4 20. Rxd4 Qc6 21. Nd6 Bxd6 22. exd6
Rad8 23. Qb3 Qd7 24. Rad1 Qf7 25. R4d2 Rd7 26. c4 Qg6 27. Bg3
Nf5 28. Be5 Rc8 29. Qc3 Bd5 30. c5 bxc5 31. bxc5 Nh4 32. Bg3
Qg5 33. Rc1 Bc6 34. a5 Nf5 35. Bf4 Qg6 36. Kh2 Nh4 37. Bg3 Nf5
38. Bf4 Nh4 1/2-1/2

[Event "World Rapid Championship (Women)"]
[Site "Riyadh KSA"]
[Date "2017.12.27"]
[EventDate "2017.12.26"]
[Round "10.17"]
[Result "0-1"]
[White "Evgeniya Doluhanova"]
[Black "Shen Yang"]
[WhiteElo "2228"]
[BlackElo "2450"]
[PlyCount "66"]

1. e4 e5 2. Nf3 Nc6 3. Bb5 a6 4. Ba4 Nf6 5. d3 b5 6. Bb3 Bc5
7. O-O O-O 8. c3 d6 9. h3 h6 10. d4 Bb6 11. a4 Bd7 12. axb5
axb5 13. Rxa8 Qxa8 14. d5 Ne7 15. Qe2 c6 16. dxc6 Bxc6 17. Na3
Rb8 18. Kh2 Bc5 19. Nh4 Bxe4 20. f4 exf4 21. Bxf4 Ned5
22. Nxb5 Nxf4 23. Rxf4 d5 24. Nf5 Qa6 25. c4 Qe6 26. Ng3 Qe5
27. Rf5 Bg1+ 28. Kxg1 Qxg3 29. Rxf6 gxf6 30. Qg4+ Qxg4
31. hxg4 Bd3 32. Ba4 Bxc4 33. Nd4 Rxb2 0-1

[Event "World Rapid Championship (Women)"]
[Site "Riyadh KSA"]
[Date "2017.12.28"]
[EventDate "2017.12.26"]
[Round "11.13"]
[Result "1/2-1/2"]
[White "Shen Yang"]
[Black "Eesha Karavade"]
[WhiteElo "2465"]
[BlackElo "2384"]
[PlyCount "164"]

1. d4 Nf6 2. c4 e6 3. Nf3 d5 4. Nc3 Bb4 5. Bg5 h6 6. Bxf6 Qxf6
7. Qa4+ Nc6 8. e3 O-O 9. Rc1 Qg6 10. Qc2 Qxc2 11. Rxc2 dxc4
12. Bxc4 Bd6 13. Ne4 Bd7 14. a3 e5 15. dxe5 Nxe5 16. Nxd6
Nxf3+ 17. gxf3 cxd6 18. Rg1 Rac8 19. Kd2 Rc5 20. e4 Rfc8
21. Rgc1 Be6 22. Bd3 Rxc2+ 23. Rxc2 Rxc2+ 24. Bxc2 g5 25. Ke3
f6 26. f4 Kf7 27. Bd3 Ke7 28. Be2 Bb3 29. Bg4 Bc2 30. b4 Bb3
31. Bc8 b6 32. Bb7 Bc4 33. Bd5 Bb5 34. Kf3 Bd7 35. Kg3 Kf8
36. Bc4 Ke7 37. Be2 Bc6 38. Bf3 Bd7 39. Bg4 Be8 40. Bf5 Bf7
41. Bc8 Bh5 42. Bg4 Bf7 43. h4 Bg6 44. Bf3 Be8 45. Kg4 gxh4
46. Kxh4 Bg6 47. Bg2 Kd7 48. Bf3 Ke7 49. Kg4 Kd7 50. Kg3 Ke7
51. Kh4 Kd7 52. Bg4+ Ke7 53. f3 Bf7 54. Bh5 Be6 55. Bg6 Kf8
56. Kh5 Kg7 57. Be8 Bc8 58. Bc6 Be6 59. Kh4 Kf8 60. Bb7 Kg7
61. Ba6 Kf8 62. a4 Kg7 63. a5 bxa5 64. bxa5 Kf8 65. Bb7 Kg7
66. Kg3 Kf8 67. Kf2 Ke7 68. Ke3 Bb3 69. Bc6 Bd1 70. Bd5 Kd7
71. Kf2 Ke7 72. Kg3 Kf8 73. Be6 Ke7 74. Bf5 Kf7 75. Kf2 Ke7
76. Ke3 Kf7 77. Bd7 Ke7 78. Bg4 Kf7 79. Bh5+ Ke6 80. Kd4 Bb3
81. Bg4+ Ke7 82. Bh5 Ke6 1/2-1/2

[Event "World Rapid Championship (Women)"]
[Site "Riyadh KSA"]
[Date "2017.12.28"]
[EventDate "2017.12.26"]
[Round "12.14"]
[Result "1-0"]
[White "Ulviyya Hasil Fataliyeva"]
[Black "Shen Yang"]
[WhiteElo "2384"]
[BlackElo "2465"]
[PlyCount "139"]

1. e4 e5 2. Nf3 Nc6 3. d4 exd4 4. Nxd4 Bc5 5. Nxc6 Qf6 6. Qd2
dxc6 7. Nc3 Ne7 8. Bd3 Be6 9. Na4 Bd4 10. c3 Bb6 11. Nxb6 axb6
12. O-O O-O 13. a3 Rfd8 14. Qe2 b5 15. Be3 Bb3 16. Bd4 Qe6
17. f4 f5 18. Rae1 Bc4 19. Bxc4 Qxc4 20. Qf3 Rd7 21. Qh3 Rf8
22. Rf3 Rf7 23. exf5 Rxd4 24. cxd4 Qxd4+ 25. Kh1 h6 26. g4 Nd5
27. Qg3 Qxb2 28. Rd3 Qc2 29. Qf3 Kh7 30. g5 Rxf5 31. Qg4 g6
32. Qh3 h5 33. Qf3 Rxf4 34. Qxf4 Qg2+ 35. Kxg2 Nxf4+ 36. Kf3
Nxd3 37. Re7+ Kg8 38. Rxc7 Nc5 39. h4 Kf8 40. Rh7 Kg8 41. Re7
Kf8 42. Rc7 Kg8 43. Rc8+ Kf7 44. Kf4 Ke6 45. Rf8 Nd7 46. Re8+
Kf7 47. Re3 Kf8 48. Re6 Kf7 49. Rd6 Nb6 50. Rf6+ Kg7 51. Ke4
Nc4 52. Kd4 Nxa3 53. Rd6 Kf7 54. Rf6+ Kg7 55. Ke5 b4 56. Ke6
Nb5 57. Rf7+ Kg8 58. Kf6 Nd6 59. Rg7+ Kf8 60. Rd7 Ne4+
61. Kxg6 Nc5 62. Rf7+ Ke8 63. Rf1 b3 64. Kh7 Ne6 65. g6 c5
66. Re1 Kd7 67. Rxe6 Kxe6 68. g7 b2 69. g8=Q+ Kd6 70. Qb3 1-0

[Event "World Rapid Championship (Women)"]
[Site "Riyadh KSA"]
[Date "2017.12.28"]
[EventDate "2017.12.26"]
[Round "13.19"]
[Result "1-0"]
[White "Shen Yang"]
[Black "Hoang Thi Bao Tram"]
[WhiteElo "2465"]
[BlackElo "2410"]
[PlyCount "101"]

1. e4 c6 2. d4 d5 3. exd5 cxd5 4. Bd3 Nc6 5. c3 Qc7 6. Ne2 Bg4
7. O-O e6 8. Qe1 Bd6 9. f3 Bh5 10. Qh4 Bg6 11. Bxg6 fxg6
12. Re1 Kf7 13. Na3 a6 14. c4 Re8 15. c5 Be7 16. Qh3 Bf6
17. Nc2 Nge7 18. b4 Nf5 19. Bb2 h5 20. f4 b6 21. Qd3 Rb8
22. Bc3 Qb7 23. a4 bxc5 24. bxc5 Rhc8 25. Ng3 Nce7 26. Nf1 Qc6
27. Nd2 Rb7 28. g3 Rcb8 29. h3 g5 30. fxg5 Bxg5 31. Nf3 Bf6
32. g4 hxg4 33. hxg4 Rh8 34. gxf5 Nxf5 35. Bd2 Qc7 36. Ne5+
Bxe5 37. Rxe5 Qe7 38. Rxf5+ exf5 39. Qxf5+ Kg8 40. Qxd5+ Qf7
41. Qxf7+ Kxf7 42. Rf1+ Ke6 43. Nb4 Rh4 44. d5+ Ke5 45. Bc3+
Ke4 46. Rf8 a5 47. c6 Ra7 48. Re8+ Kf3 49. Nd3 g5 50. Ne5+ Ke4
51. d6 1-0

[Event "World Rapid Championship (Women)"]
[Site "Riyadh KSA"]
[Date "2017.12.28"]
[EventDate "2017.12.26"]
[Round "14.14"]
[Result "0-1"]
[White "Nino Batsiashvili"]
[Black "Shen Yang"]
[WhiteElo "2400"]
[BlackElo "2450"]
[PlyCount "88"]

1. d4 d5 2. c4 c6 3. Nf3 Nf6 4. Nc3 dxc4 5. e4 b5 6. Be2 e6
7. O-O Be7 8. e5 Nd5 9. Ne4 h6 10. Bd2 Bb7 11. b3 cxb3
12. axb3 a6 13. Bd3 Nd7 14. Re1 c5 15. Nd6+ Bxd6 16. exd6 Qb6
17. Ne5 Qxd6 18. dxc5 Nxc5 19. Qh5 Rf8 20. Nxf7 Rxf7 21. Bg6
Nf6 22. Bxf7+ Kf8 23. Qg6 Qxd2 24. Bxe6 Nxe6 25. Rxe6 Qg5
26. Qxg5 hxg5 27. Rb6 Bd5 28. Ra3 Rc8 29. h3 g4 30. Raxa6 gxh3
31. gxh3 Rc1+ 32. Kh2 Nh5 33. Rb8+ Ke7 34. Ra7+ Kf6 35. f3
Rc2+ 36. Kg1 Nf4 37. Rxb5 g5 38. Raa5 Ke5 39. Rc5 Rb2 40. Rcb5
Kd4 41. Kf1 Ke3 42. Ra1 Rf2+ 43. Ke1 Nd3+ 44. Kd1 Rd2# 0-1

[Event "World Rapid Championship (Women)"]
[Site "Riyadh KSA"]
[Date "2017.12.28"]
[EventDate "2017.12.26"]
[Round "15.10"]
[Result "1-0"]
[White "Shen Yang"]
[Black "Gulrukhbegim Tokhirjonova"]
[WhiteElo "2465"]
[BlackElo "2329"]
[PlyCount "153"]

1. d4 Nf6 2. c4 e6 3. Nf3 Bb4+ 4. Bd2 Qe7 5. g3 O-O 6. Bg2 d5
7. a3 Bxd2+ 8. Nbxd2 b6 9. cxd5 exd5 10. O-O Bb7 11. Re1 c5
12. dxc5 bxc5 13. Qc2 Nbd7 14. b4 Rfc8 15. bxc5 Nxc5 16. Qb2
Rab8 17. Qd4 h6 18. Bh3 Rc7 19. Rab1 Rd8 20. Bg2 Nfe4 21. Nb3
Ne6 22. Qxa7 Ra8 23. Qb6 Ra6 24. Qb4 Rxa3 25. Nbd4 Qxb4
26. Rxb4 Nxd4 27. Nxd4 Rc4 28. Rxb7 Rxd4 29. Rb8+ Kh7 30. Rd8
Nf6 31. h4 Ra2 32. Bf3 h5 33. Rb1 Ra7 34. Kg2 g6 35. Rb6 Kg7
36. Rdd6 Ne4 37. Bxe4 Rxe4 38. e3 Re5 39. Rb4 Ra2 40. Kf3 Rd2
41. Rf4 Re7 42. Rd4 Ra2 43. R6xd5 Rb7 44. Rf4 Ra3 45. g4 hxg4+
46. Rxg4 Ra6 47. Rf4 Rab6 48. Rg5 Rb5 49. Rc4 Rb4 50. Rgc5
Rxc4 51. Rxc4 Rb2 52. Kg3 Re2 53. Rc5 Re1 54. h5 gxh5 55. Rxh5
Kf6 56. Kf4 Ra1 57. Rh6+ Ke7 58. e4 Ra4 59. f3 Ra3 60. Kg4 Re3
61. Ra6 Kd7 62. Kf4 Rb3 63. e5 Ke7 64. Ke4 Rb7 65. f4 Rd7
66. f5 Rb7 67. Kf4 Rb4+ 68. Kg5 Rb7 69. Kh6 Rb5 70. Kg7 Rxe5
71. f6+ Ke8 72. Ra8+ Kd7 73. Kxf7 Rh5 74. Kg6 Rh1 75. f7 Rg1+
76. Kh5 Rh1+ 77. Kg4 1-0

[Event "World Blitz Championship (Women)"]
[Site "Riyadh KSA"]
[Date "2017.12.29"]
[EventDate "2017.12.29"]
[Round "1.11"]
[Result "1/2-1/2"]
[White "Shen Yang"]
[Black "Anna Ushenina"]
[WhiteElo "2465"]
[BlackElo "2416"]
[PlyCount "152"]

1. d4 d5 2. Nf3 Nf6 3. c4 c6 4. e3 Bf5 5. Nc3 e6 6. Nh4 Be4
7. f3 Bg6 8. Qb3 Qb6 9. Bd2 Qxb3 10. axb3 Bc2 11. c5 g5 12. b4
gxh4 13. b5 Be7 14. b4 O-O 15. bxc6 bxc6 16. Ra2 Bg6 17. Kf2
Nbd7 18. b5 cxb5 19. Bxb5 a5 20. Rha1 Bd8 21. Be1 Nb8 22. Ke2
Ne8 23. Na4 f6 24. Bxh4 Ra7 25. Bg3 Nc7 26. Bd3 Bxd3+ 27. Kxd3
Nc6 28. Kc3 e5 29. Rb2 Ne6 30. dxe5 fxe5 31. Rb6 Bxb6 32. cxb6
Rb7 33. Rd1 d4+ 34. exd4 exd4+ 35. Kc4 Rc8 36. Kd5 Ncd8
37. Bd6 Kf7 38. Rd2 Nc6 39. Re2 Rd7 40. Rxe6 Nb4+ 41. Ke5 Nd3+
42. Kf5 Rc6 43. Rf6+ Kg8 44. Rf8+ Kg7 45. Ba3 Nb4 46. Re8 d3
47. Re1 d2 48. Rd1 Rc2 49. Ke4 Ra2 50. Nc5 Re7+ 51. Kf5 Rxa3
52. Rxd2 Nc6 53. b7 Rc3 54. Rd5 a4 55. Ne6+ Kf7 56. Ng5+ Ke8
57. Ne4 Rb3 58. Nd6+ Kf8 59. Rc5 Nd4+ 60. Kg4 Rbxb7 61. Nxb7
Rxb7 62. Rc4 Ne6 63. Rxa4 Rg7+ 64. Kf5 Nd8 65. g4 Rf7+ 66. Ke4
Ne6 67. Ra8+ Kg7 68. Ke3 Ng5 69. f4 Nh3 70. Ra4 h5 71. Kf3
hxg4+ 72. Kxg4 Nf2+ 73. Kg5 Nd3 74. f5 Ne5 75. h4 Nf3+ 76. Kg4
Nxh4 1/2-1/2

[Event "World Blitz Championship (Women)"]
[Site "Riyadh KSA"]
[Date "2017.12.29"]
[EventDate "2017.12.29"]
[Round "2.25"]
[Result "1/2-1/2"]
[White "Irina Krush"]
[Black "Shen Yang"]
[WhiteElo "2431"]
[BlackElo "2465"]
[PlyCount "74"]

1. c4 Nf6 2. Nc3 e5 3. e3 d5 4. cxd5 Nxd5 5. Nf3 Nxc3 6. bxc3
Bd6 7. d4 Nd7 8. Be2 O-O 9. O-O c5 10. Bb2 Qe7 11. c4 cxd4
12. exd4 exd4 13. Qxd4 Nf6 14. Bd3 h6 15. Rfe1 Be6 16. Bf5
Rad8 17. Qh4 Rfe8 18. Bxe6 fxe6 19. Re2 Rc8 20. h3 Qf7 21. Ne5
Bxe5 22. Bxe5 Nd7 23. Bb2 e5 24. Re4 Nf6 25. Rxe5 Rxe5
26. Bxe5 Rxc4 27. Qg3 Ne4 28. Qe3 Qf5 29. Bd4 b6 30. Re1 Nf6
31. Bxf6 Qxf6 32. Qb3 Qf7 33. Re8+ Qxe8 34. Qxc4+ Qf7 35. Qc8+
Kh7 36. Qc2+ Kg8 37. Qc8+ Kh7 1/2-1/2

[Event "World Blitz Championship (Women)"]
[Site "Riyadh KSA"]
[Date "2017.12.29"]
[EventDate "2017.12.29"]
[Round "3.17"]
[Result "1/2-1/2"]
[White "Shen Yang"]
[Black "Antoaneta Stefanova"]
[WhiteElo "2465"]
[BlackElo "2500"]
[PlyCount "92"]

1. d4 d5 2. Bf4 Nf6 3. e3 e6 4. Nd2 Bd6 5. Ngf3 O-O 6. Bd3 c5
7. c3 Nc6 8. Bg3 Qe7 9. Ne5 Nd7 10. Qh5 g6 11. Nxc6 bxc6
12. Qh6 e5 13. O-O e4 14. Bc2 f5 15. dxc5 Nxc5 16. Nb3 Bxg3
17. hxg3 Ne6 18. Rfd1 a5 19. Nd4 Nxd4 20. cxd4 Rb8 21. b3 Be6
22. Qf4 Rfc8 23. Rdc1 c5 24. dxc5 Qxc5 25. Bd1 Qe7 26. Qe5 Kf7
27. Be2 Rxc1+ 28. Rxc1 Rd8 29. Bb5 Rc8 30. Rxc8 Bxc8 31. Qxd5+
Be6 32. Qd4 Qc7 33. Qh8 Qc1+ 34. Kh2 Qd2 35. Qxh7+ Kf6
36. Qh4+ Kf7 37. Qh7+ Kf6 38. Be8 Qxf2 39. Qxg6+ Ke5 40. Qg7+
Kd6 41. Qd4+ Ke7 42. Ba4 Qe2 43. Qc5+ Kf6 44. a3 Qh5+ 45. Kg1
Qd1+ 46. Kh2 Qh5+ 1/2-1/2

[Event "World Blitz Championship (Women)"]
[Site "Riyadh KSA"]
[Date "2017.12.29"]
[EventDate "2017.12.29"]
[Round "4.27"]
[Result "0-1"]
[White "Irine Kharisma Sukandar"]
[Black "Shen Yang"]
[WhiteElo "2384"]
[BlackElo "2465"]
[PlyCount "151"]

1. e4 e5 2. Nf3 Nc6 3. Bb5 a6 4. Ba4 Nf6 5. d4 exd4 6. O-O Be7
7. Re1 O-O 8. e5 Nd5 9. Bb3 Nb6 10. Nxd4 Nxd4 11. Qxd4 d6
12. Bf4 dxe5 13. Qxd8 Rxd8 14. Bxe5 Bd6 15. Nc3 Kf8 16. Bxd6+
Rxd6 17. Ne4 Rg6 18. Rad1 Bh3 19. g3 Bg4 20. Rc1 h6 21. Nc5
Bf3 22. Re3 Bc6 23. Rce1 Rg5 24. Nd3 Rf5 25. f4 Bd5 26. Ne5
Bxb3 27. Rxb3 Rd8 28. Kf2 g5 29. Nd3 Rd7 30. g4 Ra5 31. a3
gxf4 32. Nxf4 Rb5 33. Rbe3 Rd8 34. b3 a5 35. a4 Rc5 36. R1e2
Rc6 37. Nh5 Nd5 38. Rd3 Rcd6 39. Kg3 Nb4 40. Rde3 Nd5 41. Rf3
Nb4 42. Ref2 R8d7 43. Nf6 Re7 44. h4 Nd5 45. Nh5 Re3 46. Nf4
Rxf3+ 47. Rxf3 Nb4 48. Rc3 c6 49. Kf3 Rd2 50. Nd3 Rxc2
51. Rxc2 Nxc2 52. Ke4 Ke7 53. Nc5 b6 54. Nd3 Ke6 55. Nf4+ Kd6
56. h5 f6 57. Ne2 Ke6 58. Ng3 Na1 59. Nf5 Nxb3 60. Nxh6 Nc5+
61. Kd4 Nxa4 62. Nf5 Kf7 63. Nd6+ Kg7 64. Nf5+ Kh7 65. Ne7 c5+
66. Kc4 Nb2+ 67. Kb3 Nd3 68. Nd5 Kg7 69. Nxb6 Ne5 70. Nd5 Nxg4
71. Ka4 c4 72. Kxa5 Ne5 73. Kb4 f5 74. Kc3 f4 75. Kd4 f3
76. Ne3 0-1

[Event "World Blitz Championship (Women)"]
[Site "Riyadh KSA"]
[Date "2017.12.29"]
[EventDate "2017.12.29"]
[Round "5.16"]
[Result "0-1"]
[White "Shen Yang"]
[Black "Zhansaya Abdumalik"]
[WhiteElo "2465"]
[BlackElo "2449"]
[PlyCount "94"]

1. d4 Nf6 2. Nf3 g6 3. c4 d6 4. Nc3 Bf5 5. Qb3 Qc8 6. Bf4 Bg7
7. h3 h5 8. e3 O-O 9. Be2 b6 10. O-O c5 11. Rac1 Nc6 12. Rfe1
Re8 13. Bh2 Ne4 14. Nxe4 Bxe4 15. d5 Na5 16. Qa3 Bf5 17. b3
Qc7 18. Red1 a6 19. Nd2 Bd7 20. Rc2 Nb7 21. Qc1 b5 22. b4 Qb6
23. bxc5 Nxc5 24. Nb3 Bf5 25. Rcd2 Ne4 26. Rc2 b4 27. Bd3 Nc3
28. Bxf5 Nxd1 29. Bd7 Red8 30. Bc6 Nc3 31. Bxa8 Rxa8 32. Qf1
a5 33. c5 dxc5 34. Qc4 a4 35. Nd2 Rd8 36. e4 Bd4 37. Bf4 Qb5
38. Qxb5 Nxb5 39. Nc4 Nc3 40. Nd2 Ne2+ 41. Kf1 Nxf4 42. Nc4
Nd3 43. f3 Rb8 44. Rd2 Ne5 45. Na5 b3 46. axb3 axb3 47. f4 b2
0-1

[Event "World Blitz Championship (Women)"]
[Site "Riyadh KSA"]
[Date "2017.12.29"]
[EventDate "2017.12.29"]
[Round "6.24"]
[Result "0-1"]
[White "Ekaterina Polovnikova-Atalik"]
[Black "Shen Yang"]
[WhiteElo "2451"]
[BlackElo "2465"]
[PlyCount "106"]

1. d4 d5 2. c4 c6 3. Nf3 Nf6 4. Nc3 dxc4 5. a4 e6 6. e3 c5
7. Bxc4 Nc6 8. O-O cxd4 9. exd4 Be7 10. d5 exd5 11. Nxd5 Nxd5
12. Qxd5 Qxd5 13. Bxd5 O-O 14. Be3 Be6 15. Bxe6 fxe6 16. Rfe1
Rfe8 17. Nd4 Nxd4 18. Bxd4 Bf6 19. Be5 Rad8 20. Bxf6 gxf6
21. Rad1 Kf7 22. f4 Rxd1 23. Rxd1 Re7 24. Kf2 Rc7 25. Ke3 Kg6
26. g4 h5 27. h3 hxg4 28. hxg4 Rc4 29. b3 Rb4 30. Rd3 e5
31. fxe5 fxe5 32. Rc3 Rxg4 33. Kf3 Rb4 34. Ke2 Kf5 35. Rf3+
Ke6 36. Rd3 Rd4 37. Rh3 Kd5 38. Rh7 Rb4 39. Rd7+ Ke4 40. Rd3
a6 41. Re3+ Kd5 42. Rd3+ Rd4 43. Rc3 e4 44. Ke3 Rb4 45. Ke2
Kd4 46. Rh3 Rb6 47. Rg3 Kc5 48. Kd2 Kb4 49. Kc2 Rf6 50. Rg2
Rf3 51. Re2 Rc3+ 52. Kd2 e3+ 53. Kd1 Kxb3 0-1

[Event "World Blitz Championship (Women)"]
[Site "Riyadh KSA"]
[Date "2017.12.29"]
[EventDate "2017.12.29"]
[Round "7.20"]
[Result "0-1"]
[White "Shen Yang"]
[Black "Nataliya Buksa"]
[WhiteElo "2465"]
[BlackElo "2385"]
[PlyCount "86"]

1. d4 Nf6 2. Nf3 e6 3. c4 a6 4. Nc3 d5 5. cxd5 exd5 6. Bg5 Be6
7. e3 Nbd7 8. Be2 h6 9. Bh4 g5 10. Bg3 Nh5 11. Nxg5 hxg5
12. Bxh5 Bd6 13. Bxd6 cxd6 14. Bf3 Qa5 15. Qd2 g4 16. Be2 Rc8
17. Ne4 Qb6 18. Ng5 Bf5 19. Bd3 Bxd3 20. Qxd3 Qxb2 21. O-O Qc2
22. Qxc2 Rxc2 23. Rfc1 Rxc1+ 24. Rxc1 Ke7 25. Rc7 f6 26. Nf7
Rh7 27. Nxd6 Kxd6 28. Rxb7 Kc6 29. Rb3 Rh8 30. Rc3+ Kd6
31. Ra3 Ra8 32. f3 gxf3 33. gxf3 a5 34. Rb3 a4 35. Rb7 Rc8
36. Ra7 Rc1+ 37. Kf2 Nb6 38. Kg3 Ra1 39. Rf7 Rxa2 40. Rxf6+
Kc7 41. Rf7+ Kb8 42. f4 a3 43. Rf6 Rb2 0-1

[Event "World Blitz Championship (Women)"]
[Site "Riyadh KSA"]
[Date "2017.12.29"]
[EventDate "2017.12.29"]
[Round "8.26"]
[Result "1/2-1/2"]
[White "Sarah Hoolt"]
[Black "Shen Yang"]
[WhiteElo "2405"]
[BlackElo "2465"]
[PlyCount "133"]

1. e4 e5 2. Nf3 Nc6 3. Bc4 Bc5 4. d3 Nf6 5. O-O O-O 6. a4 a6
7. a5 h6 8. h3 d6 9. Nc3 Bb4 10. Nd5 Bxa5 11. Be3 Bd7 12. c3
Bb6 13. Nxb6 cxb6 14. Nh4 b5 15. Ba2 Be6 16. Qf3 Re8 17. Nf5
Bxf5 18. Qxf5 Ne7 19. Qf3 Ng6 20. Qg3 d5 21. Rae1 Kh7 22. f4
exf4 23. Bxf4 Nh5 24. Qg4 Nhxf4 25. Rxf4 Nxf4 26. Qxf4 dxe4
27. Bxf7 Re7 28. dxe4 Qb6+ 29. Kh1 Qf6 30. Qxf6 gxf6 31. Bd5
Rd8 32. Rf1 Kg7 33. Rf4 h5 34. Kh2 b6 35. Kg3 Re5 36. Kh4 Rg5
37. g4 hxg4 38. hxg4 a5 39. Kg3 Rc8 40. Rf2 Rh8 41. Be6 Re5
42. Bf5 Rh1 43. Rd2 Re7 44. Rd6 Rb1 45. e5 Rg1+ 46. Kf2 Rxe5
47. Kxg1 Re2 48. b3 a4 49. bxa4 bxa4 50. Rxb6 a3 51. Ra6 a2
52. Kf1 Rb2 53. c4 Rb1+ 54. Kf2 a1=Q 55. Rxa1 Rxa1 56. Ke3 Rd1
57. c5 Kf8 58. Kf4 Ke7 59. Be4 Rf1+ 60. Ke3 Rg1 61. Kf4 Rc1
62. c6 Rc5 63. Bf3 Kd6 64. Be4 Re5 65. Bf3 Kc7 66. Be4 Rxe4+
67. Kxe4 1/2-1/2

[Event "World Blitz Championship (Women)"]
[Site "Riyadh KSA"]
[Date "2017.12.29"]
[EventDate "2017.12.29"]
[Round "9.31"]
[Result "1/2-1/2"]
[White "Shen Yang"]
[Black "Guliskhan Nakhbayeva"]
[WhiteElo "2465"]
[BlackElo "2314"]
[PlyCount "69"]

1. d4 Nf6 2. Bf4 d5 3. e3 e6 4. Nd2 Bd6 5. Ngf3 Bxf4 6. exf4
O-O 7. Bd3 b6 8. Qe2 a5 9. Ne5 Ba6 10. O-O c5 11. Bxa6 Nxa6
12. Ndf3 Qc8 13. Qb5 Qb7 14. dxc5 Nxc5 15. Nd4 Nfd7 16. Nec6
Qc7 17. g3 Nb8 18. Ne5 Nbd7 19. Nef3 Rfc8 20. c3 h6 21. Rfe1
Ne4 22. f5 e5 23. Nc2 Ndf6 24. Ne3 Nc5 25. Rad1 e4 26. Nd4 Nd3
27. Re2 Qc5 28. a4 Qd6 29. Qb3 Qe5 30. Qb5 Qd6 31. Qb3 Qe5
32. Qb5 Qd6 33. Qb3 Rab8 34. Nb5 Qc5 35. Nd4 1/2-1/2

[Event "World Blitz Championship (Women)"]
[Site "Riyadh KSA"]
[Date "2017.12.29"]
[EventDate "2017.12.29"]
[Round "10.25"]
[Result "0-1"]
[White "Hoang Thanh Trang"]
[Black "Shen Yang"]
[WhiteElo "2439"]
[BlackElo "2465"]
[PlyCount "92"]

1. d4 d5 2. Bf4 Nf6 3. e3 c5 4. Nf3 Nc6 5. c3 Qb6 6. Qb3 c4
7. Qc2 Bf5 8. Qc1 e6 9. Nbd2 h6 10. h3 Rc8 11. Be2 Be7 12. O-O
O-O 13. Re1 Rfe8 14. Bd1 Qa6 15. Bc2 Bxc2 16. Qxc2 b5 17. e4
dxe4 18. Nxe4 Nd5 19. Bd6 Bxd6 20. Nxd6 Ncb4 21. cxb4 Qxd6
22. a3 Nf4 23. Rad1 Nd3 24. b3 Nxe1 25. Rxe1 cxb3 26. Qxb3 Rc4
27. Rd1 Rec8 28. Qe3 Rc3 29. Qe4 Rc1 30. Rf1 Rxf1+ 31. Kxf1
Rc1+ 32. Ke2 Qd5 33. Qxd5 exd5 34. Ne5 Rc3 35. Kd2 Rxa3
36. Nc6 a6 37. Ne7+ Kf8 38. Nxd5 Ke8 39. Kc2 Ra2+ 40. Kb3 Rxf2
41. Nc7+ Kd7 42. Nxa6 Kc6 43. g4 Rf3+ 44. Kc2 Rxh3 45. Nc5 Kd5
46. Nd7 Kxd4 0-1

[Event "World Blitz Championship (Women)"]
[Site "Riyadh KSA"]
[Date "2017.12.29"]
[EventDate "2017.12.29"]
[Round "11.19"]
[Result "1/2-1/2"]
[White "Shen Yang"]
[Black "Ding Yixin"]
[WhiteElo "2465"]
[BlackElo "2424"]
[PlyCount "21"]

1. Nf3 Nf6 2. g3 g6 3. Bg2 Bg7 4. O-O O-O 5. d4 d5 6. c4 c6
7. cxd5 cxd5 8. Ne5 Ng4 9. Nf3 Nf6 10. Ne5 Ng4 11. Nf3 1/2-1/2

[Event "World Blitz Championship (Women)"]
[Site "Riyadh KSA"]
[Date "2017.12.30"]
[EventDate "2017.12.29"]
[Round "12.17"]
[Result "1/2-1/2"]
[White "Dronavalli Harika"]
[Black "Shen Yang"]
[WhiteElo "2504"]
[BlackElo "2465"]
[PlyCount "105"]

1. c4 Nf6 2. Nc3 c6 3. Nf3 d5 4. e3 g6 5. d4 Bg7 6. Be2 O-O
7. O-O Bg4 8. h3 Bxf3 9. Bxf3 dxc4 10. b3 cxb3 11. Qxb3 Qb6
12. Rb1 Qxb3 13. Rxb3 b6 14. Ba3 Re8 15. Rc1 e6 16. Nb5 Rc8
17. Nd6 Rd8 18. g4 Bf8 19. Nc4 Nd5 20. Bxf8 Kxf8 21. Ne5 Rc8
22. g5 Ne7 23. Rbc3 Rc7 24. Kh2 Kg7 25. h4 h6 26. Be4 hxg5
27. hxg5 Nd7 28. Nxd7 Rxd7 29. Bxc6 Nxc6 30. Rxc6 Rd5 31. f4
Ra5 32. R1c2 Ra3 33. R6c3 Ra5 34. Kg2 Rd8 35. Kf3 Rd7 36. Ke4
Kf8 37. Rc8+ Ke7 38. Rh2 Kd6 39. Rhc2 Ke7 40. R8c7 Kd6
41. R7c3 Ke7 42. Rc4 Kd6 43. Rh2 Ke7 44. Rc6 Rd6 45. Rc8 Rd7
46. Rb2 Kd6 47. Rbc2 Ke7 48. R8c3 Kd6 49. Rc6+ Ke7 50. Rh2 Rd6
51. Rc7+ Rd7 52. Rhc2 Kd6 53. R7c6+ 1/2-1/2

[Event "World Blitz Championship (Women)"]
[Site "Riyadh KSA"]
[Date "2017.12.30"]
[EventDate "2017.12.29"]
[Round "14.22"]
[Result "1-0"]
[White "Klaudia Kulon"]
[Black "Shen Yang"]
[WhiteElo "2370"]
[BlackElo "2465"]
[PlyCount "159"]

1. c4 Nf6 2. g3 c6 3. Bg2 d5 4. Qc2 g6 5. d4 Bg7 6. Nf3 Bf5
7. Qb3 Qb6 8. c5 Qxb3 9. axb3 a6 10. b4 Nbd7 11. Nc3 O-O
12. Nh4 Bc2 13. Kd2 Bb3 14. Ra3 Bc4 15. b3 Bb5 16. Bb2 Rfe8
17. Nxb5 cxb5 18. f4 Rac8 19. Raa1 Nb8 20. e3 Nc6 21. Bc3 Rcd8
22. Kd3 e6 23. Rhf1 Nd7 24. g4 f6 25. g5 fxg5 26. fxg5 Nf8
27. Nf3 e5 28. dxe5 Nxe5+ 29. Nxe5 Bxe5 30. Bxe5 Rxe5 31. h4
Ne6 32. Rf6 d4 33. e4 Kg7 34. Raf1 a5 35. Bh3 Re8 36. Bxe6
R5xe6 37. Rxe6 Rxe6 38. Kxd4 axb4 39. Ra1 Re7 40. Ra7 Rd7+
41. Ke3 Rc7 42. c6 Rxc6 43. Rxb7+ Kg8 44. Rxb5 Rc3+ 45. Kf4
Rxb3 46. Ke5 Rb1 47. Rb8+ Kf7 48. Rb7+ Kg8 49. Kf6 Rf1+
50. Ke6 Rf4 51. Rxb4 Rxh4 52. Rb8+ Kg7 53. Rb7+ Kg8 54. e5 Rf4
55. Ra7 Rf1 56. Ra2 Kg7 57. Ra7+ Kg8 58. Kd6 Rd1+ 59. Ke7 Kg7
60. e6 Rd5 61. Ke8+ Kg8 62. e7 Kg7 63. Rd7 Ra5 64. Rb7 Rd5
65. Ra7 Rd1 66. Ra2 Rd5 67. Rf2 Rd1 68. Rf3 Rd2 69. Rf7+ Kg8
70. Rf6 Kg7 71. Ra6 Rd1 72. Ra7 Rd5 73. Rd7 Ra5 74. Rd8 Ra7
75. Rb8 h6 76. gxh6+ Kf6 77. Kf8 Rxe7 78. Rb6+ Re6 79. Rxe6+
Kxe6 80. h7 1-0

[Event "World Blitz Championship (Women)"]
[Site "Riyadh KSA"]
[Date "2017.12.30"]
[EventDate "2017.12.29"]
[Round "15.29"]
[Result "0-1"]
[White "Shen Yang"]
[Black "Gulrukhbegim Tokhirjonova"]
[WhiteElo "2465"]
[BlackElo "2329"]
[PlyCount "123"]

1. d4 Nf6 2. Bf4 d5 3. e3 e6 4. Nd2 c5 5. c3 Nc6 6. Bd3 Be7
7. Ngf3 O-O 8. h3 Bd6 9. Ne5 Qc7 10. Ndf3 Ne4 11. O-O Nxe5
12. dxe5 Be7 13. Bxe4 dxe4 14. Nd2 Rd8 15. Qc2 b6 16. Nxe4 Bb7
17. Rad1 Qc6 18. f3 h6 19. c4 a5 20. a4 Qc7 21. b3 Bc6 22. Bg3
Qb7 23. Nc3 Bg5 24. Bf4 Be7 25. Rf2 Qc7 26. Rfd2 Rxd2 27. Rxd2
Rd8 28. Qd1 Rxd2 29. Qxd2 Kh7 30. Qd3+ Kg8 31. Nb5 Bxb5
32. cxb5 Qb7 33. Kf2 Bh4+ 34. Ke2 Be7 35. e4 Qc7 36. Bg3 Bg5
37. f4 Be7 38. f5 Kf8 39. Bf4 Bg5 40. Bg3 Be7 41. Bh2 Bg5
42. Qd6+ Qxd6 43. exd6 Ke8 44. fxe6 fxe6 45. e5 Kd7 46. Kd3 g6
47. Ke4 Bd8 48. g4 g5 49. Bg1 Ke8 50. Be3 Kd7 51. Bd2 Ke8
52. Be1 Kd7 53. Kf3 Ke8 54. h4 Kd7 55. Bf2 Ke8 56. hxg5 hxg5
57. Ke4 Kd7 58. Be1 Ke8 59. Bd2 Kd7 60. Kd3 Kc8 61. Kc4 Kd7
62. Be3 0-1